000 00937nam a22002537a 4500
005 20240530110500.0
008 150701s2010 ua ao a 000 j ara d
017 _a2010/23834
_bمصر . دار الكتب المصرية
020 _a9776171281
040 _aEG-CaGPL
082 0 4 _221
_a813.02
_bط/ك د
100 1 _aكارل ، اريك
245 1 2 _aدوتى شديدة الجوع :
_bكتاب تلوين /
_cبقلم وريشة اريك كارل ؛ ترجمة محمد عنانى
250 _aط1
260 _aالقاهرة :
_bدار البلسم للنشر و التوزيع ،
_c2010 .
300 _a( د.ت ) :
_bصور ؛
_c19 سم .
650 0 4 _aادب الاطفال
650 0 4 _aالقصص القصير
650 0 4 _aتعليم الاطفال
700 1 _aكارل ، اريك
_eرسام
700 0 _aمحمد عنانى
_eمترجم
942 _2ddc
_cBK
999 _c61461
_d61461